Crónica de la provincia de Granada / (Record no. 182575)
[ view plain ]
| 000 -LEADER | |
|---|---|
| campo de control de longitud fija | 01256nam a2200253 i 4500 |
| 001 - NÚMERO DE CONTROL | |
| campo de control | 182575 |
| 003 - IDENTIFICADOR DE NÚMERO DE CONTROL | |
| campo de control | ES-MaACL |
| 005 - FECHA Y HORA DE LA ÚLTIMA TRANSACCIÓN | |
| campo de control | 20240514173355.0 |
| 008 - DATOS DE LONGITUD FIJA--INFORMACIÓN GENERAL | |
| campo de control de longitud fija | 130927s1869 sp af |||| | spa d |
| 080 ## - NÚMERO DE LA CLASIFICACIÓN DECIMAL UNIVERSAL | |
| Número de la Clasificación Decimal Universal | 908(460.357)"18" |
| 080 ## - NÚMERO DE LA CLASIFICACIÓN DECIMAL UNIVERSAL | |
| Número de la Clasificación Decimal Universal | 94(460.357)"07/14" |
| 100 1# - ENTRADA PRINCIPAL--NOMBRE DE PERSONA | |
| Nombre de persona | Rada y Delgado, Juan de Dios de la. |
| 9 (RLIN) | 94904 |
| 245 10 - MENCIÓN DEL TÍTULO | |
| Título | Crónica de la provincia de Granada / |
| Mención de responsabilidad, etc. | por Juan de Dios de la Rada y Delgado. |
| 260 ## - PUBLICACIÓN, DISTRIBUCIÓN, ETC. | |
| Lugar de publicación, distribución, etc. | Madrid : |
| Nombre del editor, distribuidor, etc. | Rubio, Grilo y Vitturi, |
| Fecha de publicación, distribución, etc. | 1869. |
| 300 ## - DESCRIPCIÓN FÍSICA | |
| Extensión | VI, 191 p., [10] h. de lám., [1] h. de mapas : |
| Otras características físicas | il. ; |
| Dimensiones | 32 cm. |
| 490 1# - MENCIÓN DE SERIE | |
| Mención de serie | Crónica general de España, o sea historia ilustrada y descriptiva de sus provincias, sus poblaciones más importantes de la península y de ultramar |
| 530 ## - NOTA DISPONIBLE DE FORMULARIO FÍSICO ADICIONAL | |
| Nota de formato físico adicional disponible | Disponible en formato digital. |
| 651 #4 - PUNTO DE ACCESO ADICIONAL DE MATERIA--NOMBRE GEOGRÁFICO | |
| Nombre geográfico | Granada (Provincia)- |
| Subdivisión general | Descripción. |
| 9 (RLIN) | 153478 |
| 651 #4 - PUNTO DE ACCESO ADICIONAL DE MATERIA--NOMBRE GEOGRÁFICO | |
| Nombre geográfico | Granada (Reino)- |
| Subdivisión general | Historia. |
| 9 (RLIN) | 137204 |
| 830 0# - PUNTO DE ACCESO ADICIONAL DE SERIE-TÍTULO UNIFORME | |
| Título uniforme | Crónica general de España, o sea Historia ilustrada y descriptiva de sus provincias, sus poblaciones más importantes de la península y posesiones de Ultramar |
| 9 (RLIN) | 224862 |
| 852 ## - LOCALIZACIÓN | |
| Ubicación | ES-MaACL |
| Número de control de estantería | C-1581(2) |
| Nota libre | - Enc. con otras obras |
| 856 ## - LOCALIZACIÓN Y ACCESO ELECTRÓNICOS | |
| Identificador Uniforme de Recursos | <a href="http://bdh-rd.bne.es/viewer.vm?id=0000146627&page=1 ">http://bdh-rd.bne.es/viewer.vm?id=0000146627&page=1 </a> |
| Nota pública | Biblioteca Digital Hispánica |
| Estatus retirado | Estado de pérdida | Estado de daño | No para préstamo | Colección | Biblioteca de origen | Biblioteca actual | Ubicación en estantería | Fecha de adquisición | Fuente de adquisición | Total de préstamos | Signatura topográfica completa | Código de barras | Visto por última vez | Precio de reemplazo | Tipo de ítem Koha |
|---|---|---|---|---|---|---|---|---|---|---|---|---|---|---|---|
| Colección digital | Biblioteca del Ateneo de Madrid | Biblioteca del Ateneo de Madrid | Sala Palomar | 30/09/2013 | C-1581(2) | 1191875 | 23/02/2023 | 23/02/2023 | Libro impreso antiguo |
